000 01725nam2a22002891 4500
001 rc\4809845
005 20250612222751.0
021 _aRU
_b[70-78417]
035 _a(NLR Aleph) 008877489
090 _a8560768
_c8560768
100 _a20130426d1970 |||y0rusy50 ca
101 0 _arus
102 _aRU
105 _aa z |||||
200 1 _aТектоника складчатых областей Сибири и Дальнего Востока
_f[Отв. ред. К.В. Боголепов]
_gАН СССР. Сиб. отд-ние. Науч. совет по тектонике Сибири и Дальнего Востока
210 _aМосква
_cНаука
_d1970
215 _a223 с., 1 л. схем.
_cил.
320 _aБиблиогр. в конце статей
320 _aУказатель назв. регион. тектон. структур: с. 209-214
461 0 _1001rc\4809841
_12001#$aТектоника Сибири$dTectonics of Siberia$e[Сборник статей]$fОтв. ред. чл.-кор. АН СССР Ю.А. Косыгин$gАкад. наук СССР. Сиб. отд-ние. Науч. совет по тектонике Сибири и Дальнего Востока. Т. 1-$vТ. 4
_98560747
_cНовосибирск
_d1962
_fОтв. ред. чл.-кор. АН СССР Ю.А. Косыгин
_lTectonics of Siberia
_nИзд-во АН СССР. Сиб. отд-ние
_o[Сборник статей]
_tТектоника Сибири
_vТ. 4
606 _aСкладчатость пород
_yСибирь (т. 4)
_2psbo
702 1 _aБоголепов
_bК.В.
_4340
801 0 _aRU
_bNLR
_gpsbo
801 1 _aRU
_bELAR
_2rusmarc
852 _aNLR
_j63-7/2153
942 _cBOOK
980 _aNB